02554nkc a2200373za 450000100060000000300040000600500170001000700070002700800410003404000240007510000410009924500440014026000240018430001000020850002110030850001920051950000650071150001340077650001690091050400520107950500430113151001510117451002100132556101310153561000510166665100260171765500400174370000600178385200120184385601500185594200250200595201330203099900170216384499OSt20260319104454.0kh boc250410s19101911sp ||||| ||||||0| i|spa d aM-RABAbspacM-RABA1 aElorza, Lorenzod(1861-1931)911106810aHueto Arribab: Pila bautismalc/ L. E. c[ca. 1910 – 1911] a1 fotografíab: gelatina de platac; imagen 12 x 16,5 cmc; soporte secundario 21,5 x 26,5 cm aVista de la pila bautismal de la iglesia parroquial de la Natividad en Hueto Arriba, con pie cuadrangular y taza semioval con prolongación superior cilíndrica, presenta un amplio repertorio decorativo.  aFotografía montada sobre soporte secundario de cartulina azul enmarcada con orla en relieve. Título y numeración manuscrita que hace referencia a la posición en la serie “94”. aSello con monograma del fotógrafo en tinta roja “L.E.” aFechas tomadas de la ejecución del positivo de las fotografías, incluido el soporte secundario. (Soto Madrazo, Javier. 2008). aForma parte de un conjunto de 167 fotografías empleadas por Federico Baráibar Zumárraga para la elaboración del Inventario del Románico en Álava (1911). aBaraibar, F.: "Rincones artísticos", M. 1914. aHueto-arriba.- Pila bautismal. / L. E. aDescripción tomada de: Soto Madrazo, Javier (2008). Federico Baraibar y el Inventario del Románico en Álava: una caja con 167 fotografías. aEsta colección fue utilizada posteriormente por Cristóbal de Castro para la elaboración y publicación del "Catálogo Monumental de España: provincia de Álava", Madrid, S. de Rivadeneira, 1915. aDonadas junto con la memoria manuscrita a la Academia por el mismo Baraibar (Sesión 12 de febrero de 1912, Archivo: 4-32-1).24aIglesia de la Natividad (Hueto Arriba)9111624 7aÁlava2embne975661 0aFotografías de monumentos91115801 aBaráibar y Zumárraga, Federico d(1851-1918)912926 jFot-203 uhttps://archivoybiblioteca.realacademiabellasartessanfernando.com/cgi-bin/koha/opac-retrieve-file.pl?id=48e619de854fa750d45c5ea2049a03173Fot-203 2ddccFOTOGRAFÍAn0 00102ddc40708FOTOGRAFIAaRABASFbRABASFcDP2d2025-04-21l0oFot-203p1095377r2025-04-21 10:56:03w2025-04-21yFOTOGRAFÍA c84499d84499